000 01407pam a2200421 a 4500
001 data
005 20260322212104.0
008 data
035 _a3525773
906 _a7
_bcbc
_corignew
_d1
_eocip
_f19
_gy-gencatlg
010 _a 96033686
020 _a1850706352
020 _a9781850706359
035 _9(DLC) 96033686
040 _aDNLM/DLC
_cDLC
_dDLC
050 0 0 _aQM23.2
_b.G47 1996
060 1 0 _aQS 4 G354e 1996
082 0 0 _a611
_220
100 1 _aGer, Ralph.
245 1 0 _aEssentials of clinical anatomy /
_cRalph Ger, Peter Abrahams, Todd R. Olson.
246 3 0 _aClinical anatomy
250 _a2nd ed.
260 _aNew York :
_bParthenon Pub. Group,
_c1996.
300 _axiii, 544 p. :
_bill. ;
_c24 cm.
336 _atext
_btxt
_2rdacontent
337 _aunmediated
_bn
_2rdamedia
338 _avolume
_bnc
_2rdacarrier
500 _aIncludes index.
650 0 _aHuman anatomy.
650 0 _aAnatomy, Pathological.
650 1 2 _aAnatomy.
700 1 _aAbrahams, Peter H.
700 1 _aOlson, Todd R.
856 4 2 _3Publisher description
_uhttp://www.loc.gov/catdir/enhancements/fy0744/96033686-d.html
991 _bc-GenColl
_hQM23.2
_i.G47 1996
_p00034344012
_tCopy 1
_wBOOKS
999 _c1522
_d1522